000 00561cab a2200205 4500
001 ABS41323
008 090401t1989 xxu||||| |||| 00| 0 eng d
035 _a(Sirsi) u29565
041 _aeng
100 _aMillard-Bourne, L.
245 _aRental patterns 1984-89
260 _c1989
350 _a0
490 _aShop Property
_vAugust 1989, 20-21(2)
520 _aAnalyses Hillier Parker `s All-Shops Rent Index between May 1988 and May 1989.
650 _aRETAIL RENTS
690 _aPROPERTY-COMMERCIAL PROPERTY
942 _n0
948 _c04/03/1997
999 _c19898
_d19898